00481nam a2200133Ia 4500008004100000024006000041082001700101100007000118245004900188260002600237600003400263650003300297999001700330260210s9999 xx 000 0 und d a08B-010-TE, 08B-003-TE, 08B-004-TE & 07B-008-TE a621.3072 HAS aSyed Hassan Hashmi, Akif, Owais I Omer & Hafiz Muhammad Usman 0aCall Admission Control Over Wireless Network aKarachi:bUITU,c2008 aTelecommunication Engineering aBachelor of Engineering (BE) c33577d33577